000 00929nam a22002537a 4500
999 _c65593
_d65593
005 20240530110833.0
008 191001s1999 ua f 000 0 ara d
017 _a1999/3316
_bمصر. دار الكتب
020 _a97701608301
040 _aEG-CaGPL
_cEG-CaGPL
082 0 4 _221
_a323
_bق/م م
100 0 _aمحمد نعمان جلال
245 1 0 _aمصر :
_bالعروبة والاسلام وحقوق الانسان/
_cمحمد نعمان جلال
250 _aط.1
260 _aالقاهرة :
_bالهيئة المصرية العامة للكتاب،
_c1999
300 _a340 ص. :
_bايض ؛
_c24 سم
650 0 7 _2qrmak
_aحقوق الانسان
_zمصر
650 0 7 _aمنظمة العفو الدولية
650 0 7 _aحقوق الطفل
650 0 7 _aحقوق الانسان
_xالمنظمات الدولية
651 _2qrmak
942 _2ddc
_cBK